Contemporary project management : organize, plan, perform. / (Record no. 7145)

MARC details
000 -LEADER
fixed length control field 01170nam a22001697a 4500
008 - FIXED-LENGTH DATA ELEMENTS--GENERAL INFORMATION
fixed length control field 200310b xxu||||| |||| 00| 0 eng d
020 ## - INTERNATIONAL STANDARD BOOK NUMBER
International Standard Book Number 9781285433356
050 ## - LIBRARY OF CONGRESS CALL NUMBER
Classification number HD69.P75 K597(3e)
100 ## - MAIN ENTRY--PERSONAL NAME
Personal name Kloppenborg,Timothy J.
245 ## - TITLE STATEMENT
Title Contemporary project management : organize, plan, perform. /
Statement of responsibility, etc. Timothy J. Kloppenborg.
250 ## - EDITION STATEMENT
Edition statement 3rd ed.
260 ## - PUBLICATION, DISTRIBUTION, ETC.
Place of publication, distribution, etc. Stamford :
Name of publisher, distributor, etc. Cengage Learning,
Date of publication, distribution, etc. 2015.
300 ## - PHYSICAL DESCRIPTION
Extent xxii, 458p. :
Other physical details ill. ;
Dimensions 26 cm.
500 ## - GENERAL NOTE
General note Includes appendix and index.
505 ## - FORMATTED CONTENTS NOTE
Formatted contents note Contents : Part 1: Organizing projects: Introduction to project management -- Project selection and prioritization -- Organizational capability: structure, culture, and roles -- Chartering projects -- Part 2: Planning projects: Stakeholder analysis and communication planning -- Scope planning -- Scheduling projects -- Resourcing projects -- Budgeting projects -- Project risk planning -- Project quality planning and project kickoff -- Part 3: Performing projects: Project supply chain management -- Leading and managing project progress and results -- Determining project progress and results -- Finishing the project and realizing the benefits.
942 ## - ADDED ENTRY ELEMENTS (KOHA)
Source of classification or shelving scheme Library of Congress Classification
Koha item type Books
Holdings
Withdrawn status Lost status Source of classification or shelving scheme Damaged status Not for loan Home library Current library Shelving location Date acquired Total Checkouts Full call number Barcode Date last seen Copy number Price effective from Koha item type
    Library of Congress Classification     WISCONSIN INTERNATIONAL UNIVERSITY COLLEGE, GHANA - MAIN LIBRARY WISCONSIN INTERNATIONAL UNIVERSITY COLLEGE, GHANA - MAIN LIBRARY Reference 10/03/2020   HD69.P75K597(3e) 8635/087/20 10/03/2020 1 10/03/2020 Books
    Library of Congress Classification     WISCONSIN INTERNATIONAL UNIVERSITY COLLEGE, GHANA - MAIN LIBRARY WISCONSIN INTERNATIONAL UNIVERSITY COLLEGE, GHANA - MAIN LIBRARY Reference 10/03/2020   HD69.P75K5971(3e) 8636/088/20 10/03/2020 2 10/03/2020 Books

If you have any concerns or questions; kindly contact the library


© Powered by WIUC ICT DIRECTORATE